Datum a čas kvízu
28.5
Celkem bodů
Celkový počet nahraných bodů na tomto kvízu bez doplňovacích otázek.
5.
Pořadí na kvízu
Konečné umístění týmu na tomto kvízu.
Zaznamenané odpovědi
| # | Otázka | Odpověď | Body | Výsledky |
|---|---|---|---|---|
| 1. | Do aplikace eRecept přibyla od... | ověření dostupnosti předepsaného léku | 1 | |
| 2. | Kolumbijský parlament odhlasov... | D) býčích zápasů | 0 | |
| 3. | Ve čtvrtek měl v kinech premié... | Princezna na hrášku | 1 | |
| 4. | Minulý týden oznámili organizá... | v Ženevě | 0 | |
| 5. | Minulý týden se dostala do méd... | David Limberský | 0 | |
| 6. | Kterým výrazem na písmeno M se... | mixologie | 0 | |
| 7. | Ernest Hemingway měl údajně v... | Daiquiri | 0 | |
| 8. | Oblíbenou složkou míchaných ná... | pomeranči | 0 | |
| 9. | Ve filmu Někdo to rád horké se... | Manhattan | 1 | |
| 10. | V poslední otázce se podíváme... | vaječný likér; griotku | 0.5 |